Les dictionnaires du francais moderne 1539 - 1863: etude sur leur histoire, leurs types et leurs méthodes
Na minha lista:
| Autor principal: | |
|---|---|
| Formato: | Livro |
| Idioma: | francês |
| Publicado em: |
París
Didier
1967
|
| Colecção: | Etudes Lexicologiques, 1
|
| Assuntos: | |
| Tags: |
Adicionar Tag
Sem tags, seja o primeiro a adicionar uma tag!
|
MARC
| LEADER | 00000nam a2200000 a 4500 | ||
|---|---|---|---|
| 001 | UCT3066 | ||
| 003 | CL-VaPUC | ||
| 008 | 961018e19670000FR |||||||||||||||||fre|d | ||
| 082 | 0 | 4 | |a 443.09 |b QUE |2 21 |
| 100 | 0 | |a Quemada, Bernard |e author |9 372053 | |
| 245 | 1 | 4 | |a Les dictionnaires du francais moderne 1539 - 1863: etude sur leur histoire, leurs types et leurs méthodes |
| 300 | |a 683 p | ||
| 942 | |c BK | ||
| 945 | |d 19961018 00:00:00 |a cmena | ||
| 260 | |a París |b Didier |c 1967 | ||
| 650 | 0 | |a Diccionarios |9 256200 | |
| 650 | 0 | |a Glosarios |9 261047 | |
| 650 | 0 | |a Historia |9 255047 | |
| 650 | 0 | |a Historia y estudios conexos |9 338055 | |
| 650 | 0 | |a Metodología |9 256610 | |
| 650 | 0 | |a Lexicografía |9 321487 | |
| 650 | 7 | |a TERMINOLOGIA |2 CL-VaPUC |9 254881 | |
| 583 | |a last modification |c 19961018 00:00:00 |k Rodrigo Vera | ||
| 490 | 0 | |a Etudes Lexicologiques, 1 | |
| 999 | |c 252891 |d 252889 | ||